[Event "IECC Y2KO email"]
[Site "IECC email"]
[Date "2001.09.24"]
[Round "?"]
[White "Deleersnyder, Sebastien"]
[Black "Berry, Ed"]
[Result "1/2-1/2"]
[WhiteElo "1142"]
[BlackElo "1997"]
[PlyCount "45"]
[EventDate "2001.??.??"]
[EventType "tourn (corr)"]
[EventRounds "6"]
[SourceTitle "Corr 2008"]
[Source "ChessBase"]
[SourceDate "2008.06.24"]
[SourceVersion "1"]
[SourceVersionDate "2008.06.24"]
[SourceQuality "1"]

1. e4 e5 2. Nf3 Nf6 3. Nxe5 d6 4. d4 dxe5 5. dxe5 Qxd1+ 6. Kxd1 Ng4 7. Ke1 Bc5 8. Be3 Bxe3 9. fxe3 Nxe3 10. Na3 Be6 11. Kf2 Ng4+ 12. Kg1 Nxe5 13. Rd1 a6 14. b3 Nbc6 15. Nc4 0-0 16. Be2 Nxc4 17. Bxc4 Bxc4 18. bxc4 Rfe8 19. Kf2 Rxe4 20. Rhe1 Rxc4 21. Rd2 Kf8 22. Rde2 b5 23. Re3 1/2-1/2